Identificación de especies de fauna y flora amenazadas, prioridades de conservación de fauna (aves y mamíferos), áreas importantes para la conservación de las aves (AICAS) en el área de jurisdicción de la Corporación Autónoma Regional del Valle del Cauca (CVC) y guía sonora de las aves del departamento de Valle del Cauca (Registro nro. 3964)

Detalles MARC
000 -CABECERA
Campo de control 01527nam a2200313 a 4500
005 - FECHA Y HORA DE LA ULTIMA TRANSACCION
Campo de control 20200104041545.0
008 - ELEMENTOS DE LONGITUD FIJA—INFORMACION GENERAL
Campo de control 140122b2003 ck ||||| |||| 00| 0 spa d
040 ## - FUENTE DE CATALOGACIÓN
Agencia transcriptora CO-BoIH
041 ## - IDIOMA
Código de idioma para texto/pista de sonido o título separado Español
044 ## - PAÍS DE PUBLICACIÓN
País de publicación Colombia
090 ## - CLASIFICACIÓN LOCAL
Colección IAVH
Consecutivo 00276
100 ## - ASIENTO PRINCIPAL--NOMBRE PERSONAL
Nombre personal Renjifo, Luis Miguel
245 ## - MENCION DE TITULO
Título Identificación de especies de fauna y flora amenazadas, prioridades de conservación de fauna (aves y mamíferos), áreas importantes para la conservación de las aves (AICAS) en el área de jurisdicción de la Corporación Autónoma Regional del Valle del Cauca (CVC) y guía sonora de las aves del departamento de Valle del Cauca
260 ## - PUBLICACION, DISTRIBUCION, ETC. (PIE DE IMPRENTA)
Lugar de publicación, distribución, etc. Bogotá
Nombre del editor, distribuidor, etc. Instituto Alexander von Humboldt
Fecha de publicación, distribución, etc. 2003
300 ## - DESCRIPCION FISICA
Extensión 240 p.
520 ## - NOTA DE RESUMEN, ETC.
Nota de resumen Identifica algunas especies de fauna y flora amenzadas priorizando aquellas especiales para la conservación (aves y mamíferos) y las áreas de importancia para la conservación de las aves en la jurisdicción de la Corporación Autónoma Regional del Valle del Cauca-CVC y una propuesta de guía sonora de aves del departamento del Valle del Cauca
650 ## - ASIENTO SECUNDARIO DE MATERIA - TERMINO TEMATICO
Término temático o nombre geográfico como elemento de entrada Areas de importancia para las aves - IBAs
650 ## - ASIENTO SECUNDARIO DE MATERIA - TERMINO TEMATICO
Término temático o nombre geográfico como elemento de entrada Aves
650 ## - ASIENTO SECUNDARIO DE MATERIA - TERMINO TEMATICO
Término temático o nombre geográfico como elemento de entrada Especies amenazadas
650 ## - ASIENTO SECUNDARIO DE MATERIA - TERMINO TEMATICO
Término temático o nombre geográfico como elemento de entrada CVC
700 ## - ASIENTO SECUNDARIO - NOMBRE PERSONAL
Nombre personal Franco, Ana María
700 ## - ASIENTO SECUNDARIO - NOMBRE PERSONAL
Nombre personal Bravo , Gustavo
700 ## - ASIENTO SECUNDARIO - NOMBRE PERSONAL
Nombre personal Calderón, Eduardo
700 ## - ASIENTO SECUNDARIO - NOMBRE PERSONAL
Nombre personal Múnera, Claudia
700 ## - ASIENTO SECUNDARIO - NOMBRE PERSONAL
Nombre personal Rosselli, Loreta
700 ## - ASIENTO SECUNDARIO - NOMBRE PERSONAL
Nombre personal Rodríguez, Adriana
942 ## - ELEMENTOS ADICIONALES (KOHA)
Tipo de ítem Informe Técnico
Koha issues (borrowed), all copies 2
Sistema de clasificación Local
945 ## - PROCESAMIENTO LOCAL
AAAA-MM-DD - Fecha de ingreso o modificacion 2004-07-01
Existencias
Withdrawn status Lost status Sistema de Clasificación Damaged status No para préstamo Colección Ubicación Permanente Ubicación actual Fecha de adquisición Fuente de Valor Total Checkouts Número topográfico Inventario / Código de Barras Date last seen Date checked out Ejemplar Price effective from Forma de adquisición Tipo de material Public note
    Local     Humboldt Bogotá Bogotá 01/07/2004 Franco,Ana María 2 IAVH-00276 016308 09/08/2024 07/05/2014 Ej. 1 04/12/2012   Informe Técnico  
    Local     Humboldt Bogotá Bogotá 01/07/2004 Franco, Ana María   IAVH-00276 019200 04/12/2012   Ej. 2 04/12/2012   Informe Técnico Informe final: especies amenazadas del del Valle del Cauca
    Local     Humboldt Bogotá Bogotá 01/07/2004 Franco,Ana María   IAVH-00276 016310 04/12/2012   Ej. 3 04/12/2012   CD-ROM Informe final: especies amenazadas del Valle del Cauca II
    Local     Audiovisual Bogotá Bogotá 01/07/2004     IAVH-00276 019202 04/12/2012   Ej. 5 04/12/2012   CD-ROM Informe final: especies amenazadas del Valle del Cauca II
    Local     Audiovisual Bogotá Bogotá 01/07/2004     IAVH-00276 019201 04/12/2012   Ej. 6 04/12/2012   CD-ROM Informe final: especies amenazadas del Valle del Cauca I
    Local   No para Préstamo Audiovisual Bogotá Bogotá 01/07/2004     IAVH-00276 019203 04/12/2012   Ej. 4 04/12/2012   CD-ROM Registros biológicos de aves